Recull de legislació vigent a Catalunya en matèria de serveis socials
Descripción Física:
320 f. ; 30 cm
MARC
| LEADER | 00000nam a2200000Ia 4500 | ||
|---|---|---|---|
| 001 | 2352 | ||
| 008 | 160829s9999 xx 000 0 cat d | ||
| 080 | |a D-1-14 | ||
| 100 | |a Catalunya. Lleis, etc. |9 35754 | ||
| 245 | |a Recull de legislació vigent a Catalunya en matèria de serveis socials | ||
| 260 | |a Barcelona : |b Diputació de Barcelona. Servei de Serveis Socials, DL 1986 | ||
| 300 | |a 320 f. ; |c 30 cm | ||
| 650 | 0 | |a Serveis socials |x Dret i legislació |x Catalunya |9 44473 | |
| 710 | |a Barcelona (Catalunya : Província). |b Servei de Serveis Socials |9 2896 | ||
| 901 | |a Arxiu | ||
| 942 | |n 1 | ||
| 952 | |0 0 |1 0 |4 0 |6 D114 |7 1 |9 47693 |a Arxiu |b Arxiu |d 2016-12-01 |l 0 |o D-1-14 |p 2352 |r 2016-12-01 00:00:00 |w 2016-12-01 |y ARXIU | ||
| 999 | |c 51492 |d 51492 | ||